| 000 | 01265nam a22001937a 4500 | ||
|---|---|---|---|
| 999 |
_c56781 _d56781 |
||
| 005 | 20191106120834.0 | ||
| 008 | 190422c2019 ge ||||| |||| 00| 0 geo d | ||
| 022 | _a9772987906008 | ||
| 041 | _ageo | ||
| 245 |
_aსაპატრიარქოს უწყებანი : _b2019 / _cსარედ.კოლეგია: მიტროპოლიტი დიმიტრი (შიოლაშვილი) , მარიამ გაგუა და სხვ. |
||
| 260 |
_aთბილისი : _bსაქართველოს საპატრიარქოს პრესცენტრის ყოველკვირეული გამოცემა, _c1999 - წლის 8 იანვრიდან. |
||
| 300 | _aV. | ||
| 653 | _aრელიგია | ||
| 653 | _aპერიოდიკა | ||
| 653 | _aსაპატრიარქო უწყებანი 25 აპრილი-8მაისი №16(926) 2019. | ||
| 700 |
_aმიტროპოლიტი დიმიტრი (შიოლაშვილი) _eსარედაქციო კოლეგია _9306 |
||
| 700 |
_aგაგუა, მარიამ _eსარედაქციო კოლეგია _9307 |
||
| 942 |
_2udc _cCR |
||